[Event "Esp-tch 2011 División Honor"]
[Site "Melilla ESP"]
[Date "2011.11.21"]
[Round "1"]
[White "Sargissian, Gabriel"]
[Black "Fedorchuk, Sergey A"]
[Result "1-0"]
[WhiteElo "2671"]
[BlackElo "2632"]
[PlyCount "93"]
[EventDate "2011.11.21"]
[EventType "team"]
[EventRounds "6"]
[EventCountry "ESP"]
[Source "lmi"]
[SourceDate "2011.11.21"]

1. d4 Nf6 2. c4 e6 3. Nf3 b6 4. g3 Bb7 5. Bg2 Be7 6. O-O O-O 7. Re1 a5 8. Nc3
Ne4 9. Nb5 d5 10. cxd5 exd5 11. Bf4 Na6 12. Nd2 Ng5 13. e4 Nxe4 14. Nxe4 dxe4
15. Bxe4 Bxe4 16. Rxe4 c6 17. Nc3 Bf6 18. Qe2 Nc7 19. Rd1 Nd5 20. Be5 Re8 21.
Bxf6 Nxf6 22. Re5 h6 23. Qf3 Qd7 24. Rf5 Qe6 25. d5 Nxd5 26. Nxd5 cxd5 27.
Rfxd5 Rac8 28. Qb3 Rc6 29. Rd8 Rxd8 30. Rxd8+ Kh7 31. Qxe6 Rxe6 32. Rd5 g5 33.
h3 Kg6 34. g4 Rf6 35. Kg2 Rc6 36. Rb5 Rf6 37. Kg3 Rd6 38. f3 h5 39. gxh5+ Kh6
40. h4 f6 41. hxg5+ fxg5 42. f4 gxf4+ 43. Kxf4 Re6 44. Re5 Rd6 45. Ke4 Kg7 46.
Rg5+ Kf7 47. Rg6 1-0

[Event "Esp-tch 2011 División Honor"]
[Site "Melilla ESP"]
[Date "2011.11.21"]
[Round "1"]
[White "Svetushkin, Dmitry"]
[Black "Illescas Cordoba, Miguel"]
[Result "1-0"]
[WhiteElo "2621"]
[BlackElo "2609"]
[PlyCount "95"]
[EventDate "2011.11.21"]
[EventType "team"]
[EventRounds "6"]
[EventCountry "ESP"]
[Source "lmi"]
[SourceDate "2011.11.21"]

1. e4 c5 2. Nf3 Nc6 3. d4 cxd4 4. Nxd4 Nf6 5. Nc3 e5 6. Ndb5 d6 7. Bg5 a6 8.
Na3 b5 9. Nd5 Be7 10. Bxf6 Bxf6 11. c4 b4 12. Nc2 a5 13. g3 O-O 14. h4 Be6 15.
Bg2 Bxd5 16. cxd5 Nb8 17. Ne3 Na6 18. Rc1 Rc8 19. Nc4 Nc5 20. O-O Re8 21. Qe2
Be7 22. Bh3 Ra8 23. Nd2 a4 24. Rc4 Qb6 25. Rfc1 Ra5 26. Kg2 Bf8 27. Nf3 Qb5 28.
Qd2 b3 29. a3 Ra7 30. Ne1 g6 31. h5 Qa5 32. Qe3 Raa8 33. Nd3 Nxd3 34. Qxd3 Bh6
35. R1c3 Ra7 36. Rc6 Rd8 37. Kf1 Bg5 38. Ke2 Kg7 39. R3c4 Rb7 40. Bc8 Rb6 41.
Rc7 Re8 42. Be6 Re7 43. Rxe7 Bxe7 44. Rc7 Bg5 45. Rxf7+ Kh6 46. hxg6 hxg6 47.
Qd1 Qb5+ 48. Kf3 1-0

[Event "Esp-tch 2011 División Honor"]
[Site "Melilla ESP"]
[Date "2011.11.21"]
[Round "1"]
[White "Korneev, Oleg"]
[Black "Perez Candelario, Manuel"]
[Result "0-1"]
[WhiteElo "2608"]
[BlackElo "2558"]
[PlyCount "100"]
[EventDate "2011.11.21"]
[EventType "team"]
[EventRounds "6"]
[EventCountry "ESP"]
[Source "lmi"]
[SourceDate "2011.11.21"]

1. e4 c5 2. Nf3 d6 3. d4 Nf6 4. Nc3 cxd4 5. Nxd4 a6 6. Be3 e5 7. Nf3 Be7 8. Bc4
O-O 9. O-O Nc6 10. Bb3 Bg4 11. h3 Bh5 12. Bg5 Nd7 13. Bxe7 Qxe7 14. Nd5 Qd8 15.
Qd3 Nc5 16. Qe3 Bxf3 17. Qxf3 Nd4 18. Qg4 Kh8 19. Rad1 Ncxb3 20. cxb3 Rc8 21.
Rd2 Qa5 22. Nc3 b5 23. Rfd1 b4 24. Ne2 Nb5 25. Ng3 g6 26. Qg5 f6 27. Qe3 Qxa2
28. h4 Qa5 29. h5 Qc7 30. hxg6 hxg6 31. Ra1 Qh7 32. Qb6 Nd4 33. Rxd4 exd4 34.
Qxd4 Rc6 35. Qxb4 Qe7 36. Nf1 Rfc8 37. Qd2 Kg7 38. Re1 Qe5 39. Ne3 Rh8 40. Ng4
Qh5 41. f3 Qc5+ 42. Ne3 Qb6 43. g3 Qxb3 44. Kg2 Rhc8 45. Re2 Qb5 46. Rf2 Qh5
47. Ng4 Rc1 48. Nh2 Rh8 49. Qxc1 Qxh2+ 50. Kf1 Qh1+ 0-1

[Event "Esp-tch 2011 División Honor"]
[Site "Melilla ESP"]
[Date "2011.11.21"]
[Round "1"]
[White "Rocha, Sergio"]
[Black "Vera Gonzalez-Quevedo, Reynaldo"]
[Result "0-1"]
[WhiteElo "2410"]
[BlackElo "2482"]
[PlyCount "84"]
[EventDate "2011.11.21"]
[EventType "team"]
[EventRounds "6"]
[EventCountry "ESP"]
[Source "lmi"]
[SourceDate "2011.11.21"]

1. d4 Nf6 2. c4 e6 3. Nf3 d5 4. Nc3 dxc4 5. e3 c5 6. Bxc4 a6 7. O-O b5 8. Bd3
Bb7 9. Re1 Nbd7 10. e4 cxd4 11. Nxd4 Ne5 12. Bc2 Bc5 13. Nb3 Bb6 14. Qe2 Nfg4
15. Nd1 Qh4 16. h3 Rc8 17. Bb1 h5 18. Ne3 Rxc1 19. Rxc1 Bxe3 20. fxe3 Qg3 21.
Kf1 Nh2+ 22. Kg1 Nhf3+ 23. Kf1 Nh2+ 24. Kg1 Nef3+ 25. Kh1 Ng4 26. gxf3 Nf2+ 27.
Qxf2 Qxf2 28. Nc5 Qxf3+ 29. Kh2 Qf2+ 30. Kh1 Qf3+ 31. Kh2 Qf2+ 32. Kh1 Qxe3 33.
Bd3 Qxh3+ 34. Kg1 Qe3+ 35. Kh2 Qf2+ 36. Kh1 Qf3+ 37. Kh2 Qf4+ 38. Kh1 Qh4+ 39.
Kg1 Rh6 40. Kf1 Rf6+ 41. Ke2 Qf2+ 42. Kd1 Rg6 0-1

[Event "Esp-tch 2011 División Honor"]
[Site "Melilla ESP"]
[Date "2011.11.21"]
[Round "1"]
[White "Cabrera Trujillo, Jorge"]
[Black "Carrasco Martinez, Juan M"]
[Result "0-1"]
[WhiteElo "2353"]
[BlackElo "2375"]
[PlyCount "82"]
[EventDate "2011.11.21"]
[EventType "team"]
[EventRounds "6"]
[EventCountry "ESP"]
[Source "lmi"]
[SourceDate "2011.11.21"]

1. c4 g6 2. g3 Bg7 3. Bg2 d6 4. Nf3 e5 5. O-O Ne7 6. Nc3 O-O 7. d4 Nd7 8. dxe5
dxe5 9. Qc2 Nf5 10. e3 Re8 11. Rd1 Nd6 12. Nd2 f5 13. Nb3 e4 14. c5 Nf7 15. Nd4
c6 16. b4 Qe7 17. Bb2 Nde5 18. Bf1 Bd7 19. Nb1 Be6 20. Nd2 Bd5 21. Be2 Rad8 22.
b5 Nd3 23. Bxd3 exd3 24. Qxd3 Ne5 25. Qc2 Ng4 26. Re1 Qg5 27. N4f3 Qh5 28. Bxg7
Kxg7 29. e4 fxe4 30. Nxe4 Rf8 31. Qc3+ Kg8 32. h3 Qxh3 33. Neg5 Rxf3 34. Nxf3
Rf8 35. Re7 Qh6 36. Nh4 g5 37. Qd4 Nxf2 38. Rf1 Nh3+ 39. Kh2 Rxf1 40. Kxh3 Rh1+
41. Kg4 Rxh4+ 0-1

[Event "Esp-tch 2011 División Honor"]
[Site "Melilla ESP"]
[Date "2011.11.21"]
[Round "1"]
[White "Delchev, Aleksander"]
[Black "Inarkiev, Ernesto"]
[Result "0-1"]
[WhiteElo "2629"]
[BlackElo "2686"]
[PlyCount "80"]
[EventDate "2011.11.21"]
[EventType "team"]
[EventRounds "6"]
[EventCountry "ESP"]
[Source "lmi"]
[SourceDate "2011.11.21"]

1. e4 e5 2. Nf3 Nc6 3. Bb5 a6 4. Ba4 Nf6 5. O-O Be7 6. d3 d6 7. c3 O-O 8. Re1
b5 9. Bb3 h6 10. Nbd2 Re8 11. Nf1 Bf8 12. Ng3 Na5 13. Bc2 c5 14. d4 Bg4 15. d5
Nc4 16. a4 Nb6 17. a5 Nbd7 18. b3 g6 19. Nf1 h5 20. c4 b4 21. Qd3 Nh7 22. N3d2
Ndf6 23. h3 Bc8 24. Nf3 Ra7 25. N1h2 Kh8 26. Ng5 Nxg5 27. Bxg5 Be7 28. f4 Nd7
29. Nf3 f6 30. Bh6 g5 31. fxg5 fxg5 32. h4 gxh4 33. Rf1 Rg8 34. Kh1 Nf6 35. Ng5
Qe8 36. Ne6 Bxe6 37. dxe6 Qg6 38. Qd2 Ng4 39. Bf4 exf4 40. e5 Qxe6 0-1

[Event "Esp-tch 2011 División Honor"]
[Site "Melilla ESP"]
[Date "2011.11.21"]
[Round "1"]
[White "Andrade Salgado, Miguel"]
[Black "Ubilava, Elizbar"]
[Result "1/2-1/2"]
[WhiteElo "1900"]
[BlackElo "2527"]
[PlyCount "93"]
[EventDate "2011.11.21"]
[EventType "team"]
[EventRounds "6"]
[EventCountry "ESP"]
[Source "lmi"]
[SourceDate "2011.11.21"]

1. e4 e5 2. Nf3 Nc6 3. Bb5 a6 4. Ba4 Nf6 5. O-O Be7 6. Re1 b5 7. Bb3 d6 8. c3
O-O 9. h3 Nb8 10. d4 Nbd7 11. Nbd2 Bb7 12. Bc2 Re8 13. Nf1 Bf8 14. Bg5 h6 15.
Bh4 Be7 16. Ng3 g6 17. dxe5 Nxe5 18. Nxe5 dxe5 19. Qf3 Qd2 20. Bxf6 Bxf6 21.
Qxf6 Qxc2 22. Rad1 Re6 23. Rd8+ Rxd8 24. Qxd8+ Kg7 25. Qxc7 Bc6 26. Re3 Rf6 27.
Re2 Qd1+ 28. Kh2 h5 29. h4 Re6 30. Re3 Qd6 31. Qxd6 Rxd6 32. f3 Bd7 33. Re2 Be6
34. b3 a5 35. Rc2 a4 36. bxa4 bxa4 37. c4 Rd4 38. c5 Rc4 39. Rxc4 Bxc4 40. a3
Kf6 41. Nh1 Ke7 42. g4 hxg4 43. fxg4 Be2 44. Kh3 Bf1+ 45. Kh2 Be2 46. Kh3 Bf1+
47. Kh2 1/2-1/2

[Event "Esp-tch 2011 División Honor"]
[Site "Melilla ESP"]
[Date "2011.11.21"]
[Round "1"]
[White "Tejedor Fuentes, Enrique"]
[Black "Graf, Alexander"]
[Result "0-1"]
[WhiteElo "2225"]
[BlackElo "2633"]
[PlyCount "142"]
[EventDate "2011.11.21"]
[EventType "team"]
[EventRounds "6"]
[EventCountry "ESP"]
[Source "lmi"]
[SourceDate "2011.11.21"]

1. e4 e6 2. d4 d5 3. Nc3 Nc6 4. Nf3 Nf6 5. Bd3 Bb4 6. e5 Ne4 7. Bd2 Nxd2 8.
Qxd2 Be7 9. a3 a5 10. h4 Bd7 11. g4 a4 12. g5 Na5 13. Qf4 c5 14. dxc5 Bxc5 15.
Nxa4 Bxa4 16. Qxa4+ Nc6 17. Qb5 Qe7 18. Qb3 O-O 19. c3 Qc7 20. Qc2 Nxe5 21.
Bxh7+ Kh8 22. Nd4 g6 23. h5 Kxh7 24. hxg6+ Kg8 25. g7 Nd3+ 26. Qxd3 Qe5+ 27.
Ne2 Qxg7 28. Nf4 Rfc8 29. O-O-O Bxa3 30. Kb1 Bxb2 31. Kxb2 Rxc3 32. Qxc3 Ra2+
33. Kxa2 Qxc3 34. Nh5 Qc2+ 35. Ka1 b5 36. Rc1 Qa4+ 37. Kb2 Qd4+ 38. Kb1 Kh7 39.
Rcg1 Kg6 40. f4 b4 41. Rd1 Qe4+ 42. Kb2 Qf3 43. Nf6 Qxf4 44. Rhf1 Qg3 45. Ne8
Qc3+ 46. Kb1 Qb3+ 47. Kc1 Qe3+ 48. Kb1 b3 49. Kb2 d4 50. Rc1 Qe2+ 51. Ka3 Qa6+
52. Kb4 Qb7+ 53. Kc4 Qc6+ 54. Kxd4 Qxe8 55. Rg1 Qa4+ 56. Kc3 Qa2 57. Rb1 Qc2+
58. Kb4 b2 59. Ka3 e5 60. Ka2 e4 61. Rxb2 Qc4+ 62. Kb1 e3 63. Rc2 Qd3 64. Kb2
Kf5 65. Rcc1 e2 66. Rc5+ Kf4 67. Rcc1 Ke4 68. Ka2 Ke3 69. Rh1 Qd5+ 70. Kb2 Qxg5
71. Rh3+ Kd4 0-1

[Event "Esp-tch 2011 División Honor"]
[Site "Melilla ESP"]
[Date "2011.11.21"]
[Round "1"]
[White "Lalic, Bogdan"]
[Black "Del Rio De Angelis, Salvador G"]
[Result "1/2-1/2"]
[WhiteElo "2454"]
[BlackElo "2534"]
[PlyCount "72"]
[EventDate "2011.11.21"]
[EventType "team"]
[EventRounds "6"]
[EventCountry "ESP"]
[Source "lmi"]
[SourceDate "2011.11.21"]

1. d4 e6 2. c4 Nf6 3. Nf3 d5 4. Nc3 Nbd7 5. cxd5 exd5 6. Bg5 Be7 7. e3 O-O 8.
Qc2 c6 9. Bd3 Re8 10. h3 h6 11. Bf4 Nb6 12. a3 Bd6 13. Bxd6 Qxd6 14. O-O Be6
15. b4 Nfd7 16. Nd2 Re7 17. Nb3 Rae8 18. Nc5 Nf6 19. b5 cxb5 20. Nxb5 Qb8 21.
Rfc1 Bc8 22. Nc3 Na8 23. Rab1 b6 24. Na6 Bxa6 25. Bxa6 Nc7 26. Bd3 Ne6 27. Qb3
Qd6 28. Nb5 Qb8 29. Qb4 Rd7 30. Rc6 Nd8 31. Rc2 Nb7 32. Bf5 Rdd8 33. Nc7 Rf8
34. Na6 Qa8 35. Nc7 Qb8 36. Na6 Qa8 1/2-1/2

[Event "Esp-tch 2011 División Honor"]
[Site "Melilla ESP"]
[Date "2011.11.21"]
[Round "1"]
[White "Abadie Romero, Jonathan"]
[Black "Galindo Rodriguez, Francisco"]
[Result "1-0"]
[WhiteElo "2012"]
[BlackElo "2237"]
[PlyCount "95"]
[EventDate "2011.11.21"]
[EventType "team"]
[EventRounds "6"]
[EventCountry "ESP"]
[Source "lmi"]
[SourceDate "2011.11.21"]

1. c4 Nf6 2. Nc3 c5 3. e4 Nc6 4. g3 d6 5. Bg2 g6 6. Nge2 Bg7 7. O-O Nd4 8. d3
O-O 9. Nxd4 cxd4 10. Ne2 Nd7 11. Bg5 a5 12. h4 Nc5 13. Rb1 Bd7 14. b3 Rb8 15.
a4 Bc6 16. h5 Qd7 17. hxg6 hxg6 18. f3 e6 19. Bd2 b6 20. Nf4 Rfe8 21. Qe2 d5
22. e5 dxc4 23. dxc4 Qc7 24. Rfe1 Rbd8 25. Nh3 Rd7 26. Nf2 f6 27. exf6 Bxf6 28.
Ng4 Bg7 29. f4 Bxg2 30. Qxg2 e5 31. fxe5 Nd3 32. Re4 Nxe5 33. Rbe1 Rde7 34. Bg5
Re6 35. Rxe5 Rxe5 36. Nxe5 Rxe5 37. Rxe5 Qxe5 38. Qd5+ Qxd5 39. cxd5 Kf7 40.
Kf2 Ke8 41. Kf3 Kd7 42. Ke4 Bh8 43. g4 Bg7 44. Bh4 Kd6 45. Bd8 d3 46. Kxd3 Kc5
47. d6 Kc6 48. Ke4 1-0

[Event "Esp-tch 2011 División Honor"]
[Site "Melilla ESP"]
[Date "2011.11.22"]
[Round "2"]
[White "Lalic, Bogdan"]
[Black "Van Wely, Loek"]
[Result "1/2-1/2"]
[WhiteElo "2454"]
[BlackElo "2686"]
[PlyCount "44"]
[EventDate "2011.11.21"]
[EventType "team"]
[EventRounds "6"]
[EventCountry "ESP"]
[Source "lmi"]
[SourceDate "2011.11.21"]

1. Nf3 Nf6 2. c4 c6 3. d4 d5 4. Nc3 e6 5. Bg5 h6 6. Bxf6 Qxf6 7. Qc2 Nd7 8. e4
dxe4 9. Qxe4 g6 10. Bd3 Bg7 11. O-O O-O 12. Rfe1 c5 13. d5 e5 14. Qe3 Qb6 15.
d6 Qxd6 16. Rad1 Rd8 17. Bf5 Qf8 18. Bxd7 Bxd7 19. Nxe5 Bc6 20. Nxc6 bxc6 21.
Qf3 Rxd1 22. Rxd1 Rd8 1/2-1/2

[Event "Esp-tch 2011 División Honor"]
[Site "Melilla ESP"]
[Date "2011.11.22"]
[Round "2"]
[White "Bauer, Christian"]
[Black "Galindo Rodriguez, Francisco"]
[Result "1-0"]
[WhiteElo "2641"]
[BlackElo "2237"]
[PlyCount "55"]
[EventDate "2011.11.21"]
[EventType "team"]
[EventRounds "6"]
[EventCountry "ESP"]
[Source "lmi"]
[SourceDate "2011.11.21"]

1. e4 Nf6 2. e5 Nd5 3. d4 d6 4. c4 Nb6 5. exd6 exd6 6. Nf3 Be7 7. Be2 O-O 8.
O-O d5 9. c5 N6d7 10. Nc3 c6 11. Bf4 b6 12. b4 a5 13. a3 bxc5 14. bxc5 Bf6 15.
Rb1 Ba6 16. Na4 Bxe2 17. Qxe2 Re8 18. Qb2 Ra7 19. Rfe1 Rxe1+ 20. Rxe1 Na6 21.
Re3 h6 22. Qe2 Ra8 23. g3 Nc7 24. Nb6 Rb8 25. Qc2 g5 26. Bxc7 Qxc7 27. Qf5 Bxd4
28. Re7 1-0

[Event "Esp-tch 2011 División Honor"]
[Site "Melilla ESP"]
[Date "2011.11.22"]
[Round "2"]
[White "Rubio Tapia, Jose Juan"]
[Black "San Segundo Carrillo, Pablo"]
[Result "1-0"]
[WhiteElo "2102"]
[BlackElo "2509"]
[PlyCount "113"]
[EventDate "2011.11.21"]
[EventType "team"]
[EventRounds "6"]
[EventCountry "ESP"]
[Source "lmi"]
[SourceDate "2011.11.21"]

1. d4 d5 2. c4 c6 3. Nc3 Nf6 4. Bg5 Qb6 5. Na4 Qa5+ 6. Bd2 Qd8 7. cxd5 cxd5 8.
e3 Ne4 9. Nf3 e6 10. Bd3 Nc6 11. O-O Bd6 12. Rc1 Qe7 13. a3 Bd7 14. b4 b6 15.
Bb5 Rc8 16. Nc3 O-O 17. Qa4 Nb8 18. Bxd7 Qxd7 19. Qxd7 Nxd7 20. Nxe4 dxe4 21.
Ng5 Nf6 22. f3 exf3 23. gxf3 Nd5 24. Ne4 Be7 25. Nf2 b5 26. Nd3 Nb6 27. Rxc8
Rxc8 28. Rc1 Rxc1+ 29. Bxc1 Bd6 30. h3 f5 31. Kf2 Kf7 32. Ke2 Nc4 33. Ne1 e5
34. Kd3 Ke6 35. e4 exd4 36. Kxd4 fxe4 37. Kxe4 Bc7 38. Nc2 Nd6+ 39. Kd3 Bb6 40.
Be3 Bxe3 41. Kxe3 Kd5 42. Kd3 Nc4 43. Kc3 a6 44. Kd3 g6 45. f4 Nb2+ 46. Ke3 Kc4
47. Nd4 Nd1+ 48. Ke4 Nf2+ 49. Ke5 Nd3+ 50. Ke4 Nxf4 51. Kxf4 Kxd4 52. Kg5 Ke4
53. Kh6 Kf5 54. Kxh7 Kf6 55. Kg8 Kg5 56. Kg7 Kh5 57. h4 1-0

[Event "Esp-tch 2011 División Honor"]
[Site "Melilla ESP"]
[Date "2011.11.22"]
[Round "2"]
[White "Inarkiev, Ernesto"]
[Black "Edouard, Romain"]
[Result "1/2-1/2"]
[WhiteElo "2686"]
[BlackElo "2621"]
[PlyCount "92"]
[EventDate "2011.11.21"]
[EventType "team"]
[EventRounds "6"]
[EventCountry "ESP"]
[Source "lmi"]
[SourceDate "2011.11.21"]

1. e4 e6 2. d4 d5 3. Nc3 Bb4 4. e5 c5 5. a3 Bxc3+ 6. bxc3 Ne7 7. h4 Qc7 8. h5
h6 9. Bd2 b6 10. Qg4 Rg8 11. Bd3 Nf5 12. Nf3 Nc6 13. Qf4 c4 14. Bf1 f6 15. g4
Nfe7 16. Rg1 fxe5 17. Nxe5 Nxe5 18. Qxe5 Qxe5+ 19. dxe5 Bd7 20. f4 O-O-O 21.
Bh3 g6 22. hxg6 Rxg6 23. O-O-O Rh8 24. Rgf1 h5 25. f5 Rgg8 26. gxh5 Rxh5 27.
fxe6 Rxh3 28. Rf7 Kd8 29. exd7 Kxd7 30. Rf6 Rhg3 31. Rd6+ Ke8 32. e6 Rg1 33.
Rxg1 Rxg1+ 34. Kb2 Rg6 35. a4 Nc8 36. Rc6 Ne7 37. Rc7 a5 38. Rb7 Rxe6 39. Bf4
Nc8 40. Rc7 Kd8 41. Rb7 Ke8 42. Bh2 Re7 43. Rb8 Kd8 44. Bg3 Rf7 45. Bh4+ Kc7
46. Bg3+ Kd8 1/2-1/2

[Event "Esp-tch 2011 División Honor"]
[Site "Melilla ESP"]
[Date "2011.11.22"]
[Round "2"]
[White "Harikrishna, P."]
[Black "Sargissian, Gabriel"]
[Result "1/2-1/2"]
[WhiteElo "2673"]
[BlackElo "2671"]
[PlyCount "93"]
[EventDate "2011.11.21"]
[EventType "team"]
[EventRounds "6"]
[EventCountry "ESP"]
[Source "lmi"]
[SourceDate "2011.11.21"]

1. d4 d5 2. c4 e6 3. Nf3 Nf6 4. g3 Bb4+ 5. Bd2 Be7 6. Bg2 O-O 7. O-O c6 8. Bf4
dxc4 9. Ne5 Nd5 10. Nxc4 Nxf4 11. gxf4 c5 12. dxc5 Qc7 13. e3 Rd8 14. Qf3 Qxc5
15. Nbd2 Nc6 16. Rac1 Bd7 17. Ne4 Qb5 18. Ned6 Qa6 19. Rfd1 Be8 20. Nxe8 Rxe8
21. f5 exf5 22. Qxf5 Rad8 23. Rxd8 Rxd8 24. Bd5 Bf6 25. Be4 h6 26. a3 Ne7 27.
Qa5 Qxa5 28. Nxa5 b6 29. Nb3 Bxb2 30. Rc7 Bxa3 31. Rxa7 Bd6 32. Rb7 Rb8 33. Rd7
Bb4 34. Nd4 Bc5 35. Nc6 Nxc6 36. Bxc6 Kf8 37. Bb5 g6 38. Kg2 Ra8 39. Bc4 Be7
40. Rb7 Ra4 41. Bd5 Rb4 42. f4 Rb2+ 43. Kg3 h5 44. Rb8+ Kg7 45. Rb7 Kf8 46.
Rb8+ Kg7 47. Rb7 1/2-1/2

[Event "Esp-tch 2011 División Honor"]
[Site "Melilla ESP"]
[Date "2011.11.22"]
[Round "2"]
[White "Perez Candelario, Manuel"]
[Black "Delchev, Aleksander"]
[Result "0-1"]
[WhiteElo "2558"]
[BlackElo "2629"]
[PlyCount "66"]
[EventDate "2011.11.21"]
[EventType "team"]
[EventRounds "6"]
[EventCountry "ESP"]
[Source "lmi"]
[SourceDate "2011.11.21"]

1. e4 c6 2. d4 d5 3. e5 c5 4. dxc5 Nc6 5. Nf3 Bg4 6. Bb5 Qa5+ 7. Nc3 e6 8. Be3
Nge7 9. a3 O-O-O 10. b4 Bxf3 11. gxf3 Qc7 12. Bxc6 Nxc6 13. Bf4 a6 14. Bg3 g5
15. h4 Bg7 16. hxg5 Bxe5 17. Ne2 f6 18. gxf6 Qf7 19. Rb1 Bxg3 20. fxg3 Qxf6 21.
Rb3 e5 22. Qd2 h5 23. Rh4 e4 24. Kf2 Ne5 25. Rf4 Qg5 26. b5 h4 27. g4 h3 28.
bxa6 h2 29. a7 Qh4+ 30. Ke3 Nc4+ 31. Kd4 Kc7 32. Rxb7+ Kxb7 33. Qb4+ Ka8 0-1

[Event "Esp-tch 2011 División Honor"]
[Site "Melilla ESP"]
[Date "2011.11.22"]
[Round "2"]
[White "Carrasco Martinez, Juan M"]
[Black "Tejedor Fuentes, Enrique"]
[Result "0-1"]
[WhiteElo "2375"]
[BlackElo "2225"]
[PlyCount "82"]
[EventDate "2011.11.21"]
[EventType "team"]
[EventRounds "6"]
[EventCountry "ESP"]
[Source "lmi"]
[SourceDate "2011.11.21"]

1. Nf3 Nf6 2. g3 d5 3. Bg2 c6 4. d3 h6 5. O-O Bf5 6. Nbd2 Nbd7 7. b3 e6 8. Bb2
Be7 9. c4 O-O 10. Qc2 Bh7 11. Rac1 a5 12. a3 Qb6 13. Qb1 Qa6 14. Qa1 Rac8 15.
Bh3 Rfd8 16. Rc2 dxc4 17. Rxc4 b5 18. Rcc1 a4 19. b4 c5 20. bxc5 Nxc5 21. Bg2
Qa5 22. Bc3 Qa6 23. Rfd1 Nb3 24. Nxb3 axb3 25. Bb2 Rc2 26. Rxc2 bxc2 27. Rd2 b4
28. Rxc2 bxa3 29. Bc1 Nd5 30. Ra2 Qa4 31. Bxa3 Ra8 32. Nd2 Bf6 33. Qf1 Nc3 34.
Bxa8 Nxa2 35. Qb1 Qxa3 36. Qb8+ Qf8 37. Qa7 Nc3 38. Bf3 Bg6 39. Qb7 Qc5 40. Nc4
Nd1 41. e3 Bxd3 0-1

[Event "Esp-tch 2011 División Honor"]
[Site "Melilla ESP"]
[Date "2011.11.22"]
[Round "3"]
[White "Fedorchuk, Sergey A"]
[Black "Harikrishna, P."]
[Result "0-1"]
[WhiteElo "2632"]
[BlackElo "2673"]
[PlyCount "152"]
[EventDate "2011.11.21"]
[EventType "team"]
[EventRounds "6"]
[EventCountry "ESP"]
[Source "lmi"]
[SourceDate "2011.11.21"]

1. e4 e5 2. Nf3 Nc6 3. Bb5 Nf6 4. d3 d6 5. O-O Be7 6. Re1 O-O 7. Nbd2 a6 8.
Bxc6 bxc6 9. d4 exd4 10. Nxd4 Bd7 11. Qf3 Re8 12. Nf1 c5 13. Nf5 Bxf5 14. Qxf5
Nd7 15. Ne3 Rb8 16. Nd5 Bf8 17. b3 c6 18. Nc3 Re6 19. Bf4 Qa5 20. Bd2 Rbe8 21.
Rad1 Qb6 22. Qh3 Nf6 23. Qd3 Qb7 24. h3 h6 25. Re3 d5 26. exd5 cxd5 27. Rxe6
fxe6 28. Qf3 Qf7 29. Bc1 Qg6 30. Qd3 Qxd3 31. cxd3 e5 32. Na4 Kf7 33. Ba3 Nd7
34. Rc1 Rc8 35. Kf1 a5 36. Bb2 Rb8 37. Bc3 Ra8 38. Bd2 Bd6 39. g3 Ke6 40. Ke2
h5 41. f4 exf4 42. gxf4 g6 43. Rg1 Kf7 44. Rg5 Re8+ 45. Kf3 Be7 46. Rxd5 Ke6
47. Nc3 Rc8 48. d4 Bf6 49. Ke4 cxd4 50. Na4 Rc2 51. Bxa5 Rxa2 52. Rb5 Re2+ 53.
Kf3 Re3+ 54. Kg2 d3 55. Nc5+ Nxc5 56. Rxc5 Re2+ 57. Kf3 Bd4 58. Rg5 Re3+ 59.
Kg2 d2 60. Bxd2 Re2+ 61. Kf3 Rxd2 62. Rxg6+ Bf6 63. Rh6 h4 64. b4 Rd3+ 65. Ke4
Rd4+ 66. Kf3 Rxb4 67. Rg6 Kf5 68. Rg8 Rb3+ 69. Kg2 Rb2+ 70. Kh1 Kxf4 71. Rg2
Rb3 72. Rg4+ Kf3 73. Rg8 Be5 74. Rg6 Bd4 75. Rg5 Rb1+ 76. Kh2 Be3 0-1

[Event "Esp-tch 2011 División Honor"]
[Site "Melilla ESP"]
[Date "2011.11.22"]
[Round "3"]
[White "Ganguly, Surya Shekhar"]
[Black "Kuzubov, Yuriy"]
[Result "1-0"]
[WhiteElo "2625"]
[BlackElo "2621"]
[PlyCount "151"]
[EventDate "2011.11.21"]
[EventType "team"]
[EventRounds "6"]
[EventCountry "ESP"]
[Source "lmi"]
[SourceDate "2011.11.21"]

1. d4 f5 2. Nf3 Nf6 3. g3 g6 4. Bg2 Bg7 5. O-O O-O 6. b3 d6 7. Bb2 c6 8. Nbd2
Na6 9. c4 h6 10. e3 Qe8 11. Qe2 g5 12. a3 Nc7 13. Rac1 a5 14. Ne1 Qg6 15. Nd3
Bd7 16. f3 Nh7 17. Rce1 Rae8 18. e4 f4 19. e5 Bf5 20. Nf2 dxe5 21. dxe5 Rd8 22.
Nde4 Ne6 23. Rd1 fxg3 24. hxg3 h5 25. Rxd8 Rxd8 26. Rd1 Rf8 27. Qe1 a4 28. bxa4
g4 29. fxg4 hxg4 30. Qb4 Nhg5 31. Nxg5 Nxg5 32. Qxe7 Nf3+ 33. Bxf3 gxf3 34. Qh4
Be6 35. Bd4 Rf5 36. Bc3 Rh5 37. Rd8+ Kh7 38. Qe4 Qxe4 39. Nxe4 Bxe5 40. g4 Bxg4
41. Bxe5 Rxe5 42. Nf6+ Kg6 43. Nxg4 Re4 44. Rg8+ Kf5 45. Nh6+ Kf6 46. Rg4 Re3
47. Kf2 Rxa3 48. Re4 Rxa4 49. Kxf3 Ra3+ 50. Kf4 b5 51. Ng4+ Kg7 52. c5 Rc3 53.
Re7+ Kf8 54. Re5 b4 55. Nf6 b3 56. Re1 b2 57. Rb1 Ke7 58. Ne4 Rb3 59. Ke5 Rb8
60. Nd2 Rb4 61. Ne4 Rb8 62. Kd4 Rb4+ 63. Kd3 Ke6 64. Nc3 Ke5 65. Re1+ Kf4 66.
Nb1 Rb3+ 67. Kd4 Rb4+ 68. Kc3 Rb5 69. Kc4 Ra5 70. Re2 Ra2 71. Rc2 Ke3 72. Rc3+
Ke4 73. Nd2+ Ke5 74. Kb3 Ra5 75. Kxb2 Kd5 76. Rd3+ 1-0

[Event "Esp-tch 2011 División Honor"]
[Site "Melilla ESP"]
[Date "2011.11.22"]
[Round "3"]
[White "Delchev, Aleksander"]
[Black "Illescas Cordoba, Miguel"]
[Result "1-0"]
[WhiteElo "2629"]
[BlackElo "2609"]
[PlyCount "101"]
[EventDate "2011.11.21"]
[EventType "team"]
[EventRounds "6"]
[EventCountry "ESP"]
[Source "lmi"]
[SourceDate "2011.11.21"]

1. e4 e6 2. d4 d5 3. Nd2 c5 4. Ngf3 cxd4 5. Nxd4 Nf6 6. exd5 Qxd5 7. Nb5 Na6 8.
Nc3 Qd8 9. a3 Be7 10. Bc4 O-O 11. O-O Nc5 12. Qe2 a6 13. b4 Ncd7 14. Nf3 Qc7
15. Bd2 Re8 16. Bd3 b6 17. Ne4 Bb7 18. c4 Rac8 19. Rac1 h6 20. Rfd1 Red8 21.
Nxf6+ Bxf6 22. Be4 Bxe4 23. Qxe4 Ne5 24. Nxe5 Bxe5 25. g3 Bf6 26. Be3 Rxd1+ 27.
Rxd1 Qxc4 28. Qb7 Rf8 29. Bxb6 Qb3 30. Rd7 Qxa3 31. Bc5 Re8 32. Rxf7 Rd8 33.
Rd7 Rxd7 34. Qxd7 Qa1+ 35. Kg2 Qa2 36. h4 Qd5+ 37. Qxd5 exd5 38. h5 Kf7 39. f4
Ke6 40. Kf3 Kd7 41. Ke3 Ke6 42. Bd4 Be7 43. Bxg7 Bxb4 44. Bxh6 a5 45. Bg7 a4
46. g4 a3 47. Kd3 Kf7 48. Be5 a2 49. Kc2 Bd6 50. Kb2 d4 51. Kxa2 1-0

[Event "Esp-tch 2011 División Honor"]
[Site "Melilla ESP"]
[Date "2011.11.22"]
[Round "3"]
[White "Korneev, Oleg"]
[Black "Ubilava, Elizbar"]
[Result "1/2-1/2"]
[WhiteElo "2608"]
[BlackElo "2527"]
[PlyCount "118"]
[EventDate "2011.11.21"]
[EventType "team"]
[EventRounds "6"]
[EventCountry "ESP"]
[Source "lmi"]
[SourceDate "2011.11.21"]

1. e4 e5 2. Nf3 Nc6 3. Bc4 Bc5 4. O-O Nf6 5. d3 O-O 6. Nbd2 d6 7. c3 a6 8. Bb3
Ba7 9. h3 Ne7 10. Re1 Ng6 11. Nf1 Re8 12. Ng3 h6 13. d4 c6 14. Bc2 c5 15. Be3
cxd4 16. cxd4 Be6 17. Bb3 Bxb3 18. Qxb3 exd4 19. Bxd4 Bxd4 20. Nxd4 d5 21. Qxb7
dxe4 22. Ndf5 Rb8 23. Qxa6 Rxb2 24. Red1 Qb6 25. Qxb6 Rxb6 26. Rd6 Rxd6 27.
Nxd6 Re6 28. Nc4 Ne5 29. Nxe5 Rxe5 30. a4 e3 31. fxe3 Rxe3 32. Nf5 Re5 33. Nd4
Rd5 34. Nb3 Rd3 35. Rb1 Nd5 36. a5 Nc7 37. Nc5 Rc3 38. Nd7 f6 39. Rb8+ Kf7 40.
Rc8 Ke6 41. Nb6 Rc5 42. Na8 Na6 43. Rxc5 Nxc5 44. Nc7+ Kd7 45. Nb5 Kc6 46. Nd4+
Kb7 47. Kf2 Ka6 48. Kf3 Kxa5 49. Kg4 g6 50. Nc6+ Kb6 51. Ne7 f5+ 52. Kh4 g5+
53. Kh5 Ne6 54. Kxh6 g4 55. Nxf5 gxh3 56. gxh3 Nf4 57. h4 Ng2 58. h5 Nf4 59.
Kg5 Nxh5 1/2-1/2